000 00251nam a22001097a 4500
082 _a621.3192 MID'T
100 _aMIDDELTON, R. G
_956169
245 _aTEST EQUIPMENT CIRCUIT MANUAL
260 _aNEWYORK
_bHOWARD
_c1963
300 _a191P
942 _cBK
999 _c567766
_d567766